000 00677nam a2200241 a 4500
001 50652
003 BD-RjUL
005 20211209075537.0
008 160828r1`951951enk 001 0 eng d
035 _a(BD-RjUL)50772
040 _aANL
_beng
_cANL
_dBD-RjUL
041 _aeng
082 _a380.1
_bSTP 1954
100 1 _aStephenson, James,
_d1884-
_922347
245 1 0 _aPrinciples and practice of commerce /
_cJames Stephenson
250 _a4th ed.
260 _aLondon :
_bI. Pitman,
_cc1951 [reprinted 1954]
300 _axiv, 896 p. :
_bill. ;
_c22 cm.
650 0 _aCommerce.
_922348
650 0 _aBusiness.
_922349
650 0 _aEconomics.
_922350
942 _2ddc
_cBK
999 _c50652
_d50652